000 00674cam a2200181 i 4500
005 20260203114315.0
008 250721s2000 jo gr 000 0 ara d
082 1 4 _a374
_bم ح م
100 1 _aمحمد، داوود ماهر
_eمؤلف.
245 1 0 _aإتجاهات معاصرة في تدريس الرياضيات للكبار /
_cأ.د داوود ماهر محمد.
250 _aالطبعة الأولى.
264 1 _aعمان :
_bدار المناهج للنشر والتوزيع،
_c2000.
300 _a195صفحة.
650 1 7 _aاساليب التدريس.
650 1 7 _aتدريس الرياضيات.
942 _2ddc
_cBK
999 _c16962
_d16962